000 00678cam a2200229 a 4500
008
020 _a0340676493 (pbk. )
049 _aMAIN
050 0 0 _aQA901
_bNAH
100 1 _aNakayama, Y.
245 1 0 _aIntroduction to fluid mechanics /
_cY. Nakayama ; UK editor, R.F. Boucher.
260 _aBoston :
_bButterworth-Heinemann
_cc1999.
300 _axii, 308 p. :
_bill. (some col.) ;
_c25 cm.
504 _aIncludes bibliographical references.
650 0 _aFluid mechanics.
700 1 _aBoucher, R. F.
907 _a.b10304150
_b03-04-12
_c02-12-11
003
005 20230123125349.0
040 _cNUST
942 _cBOOKS
999 _c140229
_d140229